Russia against Napoleon : (Record no. 52413)
[ view plain ]
| 000 -LEADER | |
|---|---|
| fixed length control field | 01286nam a22002297a 4500 |
| 005 - DATE AND TIME OF LATEST TRANSACTION | |
| control field | 2011051204334.0 |
| 010 ## - LCCN (DPL NO) | |
| LC control number | B-430543-545 |
| 020 ## - INTERNATIONAL STANDARD BOOK NUMBER | |
| International Standard Book Number | 9780141009353 |
| Terms of availability | 799.00 |
| 035 ## - SYSTEM CONTROL NUMBER | |
| System control number | B-430543-545 |
| 037 ## - SOURCE OF ACQUISITION | |
| Source of stock number/acquisition | RBC /VEN |
| 082 ## - DEWEY DECIMAL CLASSIFICATION NUMBER | |
| Classification number | 940.27 |
| 100 ## - MAIN ENTRY--PERSONAL NAME | |
| Personal name | Lieven,Dominic |
| 245 ## - TITLE STATEMENT | |
| Title | Russia against Napoleon : |
| Remainder of title | the battle for Europe, 1807 to 1814 / |
| Statement of responsibility, etc | Dominic Lieven |
| 260 ## - PUBLICATION, DISTRIBUTION, ETC. (IMPRINT) | |
| Place of publication, distribution, etc | London : |
| Name of publisher, distributor, etc | Penguin, |
| Date of publication, distribution, etc | 2010. |
| 300 ## - PHYSICAL DESCRIPTION | |
| Extent | xvii, 617 p. |
| Other physical details | ill. (chiefly col.), maps, ports. (some col.) ; |
| Dimensions | 24 cm. |
| 500 ## - GENERAL NOTE | |
| General note | Includes bibliographical references and index. |
| 942 ## - ADDED ENTRY ELEMENTS (KOHA) | |
| Source of classification or shelving scheme | Dewey Decimal Classification |
| Item type | English Books |
| Classification part | 940.27 |
| Call number suffix | LIE |
| Withdrawn status | Lost status | Not for loan | Collection code | Home library | Current library | Date acquired | Source of acquisition | Cost, normal purchase price | Full call number | Barcode | Copy number | Cost, replacement price | Koha item type |
|---|---|---|---|---|---|---|---|---|---|---|---|---|---|
| Non-fiction | Central Library | Central Library | 26/05/2011 | RBC-22612/2010-11/26-03-2011/76/04-03-11/31-03-11 | 799.00 | 940.27 LIE | B-430543 | 1 | 799.00 | English Books | |||
| Non-fiction | New Police Line | New Police Line | 26/05/2011 | RBC-22612/2010-11/26-03-2011/76/04-03-11/31-03-11 | 799.00 | 940.27 LIE | B-430544 | 1 | 799.00 | English Books | |||
| Non-fiction | Patel Nagar | Patel Nagar | 26/05/2011 | RBC-22612/2010-11/26-03-2011/76/04-03-11/31-03-11 | 799.00 | 940.27 LIE | B-430545 | 1 | 799.00 | English Books |
